<?xml version="1.0" encoding="UTF-8"?>
<record
    xmlns:xsi="http://www.w3.org/2001/XMLSchema-instance"
    xsi:schemaLocation="http://www.loc.gov/MARC21/slim http://www.loc.gov/standards/marcxml/schema/MARC21slim.xsd"
    xmlns="http://www.loc.gov/MARC21/slim">

  <leader>04206nam a2200277 i 4500</leader>
  <controlfield tag="003">CSPC</controlfield>
  <controlfield tag="005">20260311105717.0</controlfield>
  <controlfield tag="008">260309s2024    nyua     b    001 0 eng d</controlfield>
  <datafield tag="020" ind1=" " ind2=" ">
    <subfield code="a">9781984685797</subfield>
  </datafield>
  <datafield tag="040" ind1=" " ind2=" ">
    <subfield code="a">CSPC</subfield>
    <subfield code="b">eng</subfield>
    <subfield code="c">CSPC</subfield>
    <subfield code="e">rda</subfield>
  </datafield>
  <datafield tag="050" ind1="0" ind2="0">
    <subfield code="a">T385</subfield>
    <subfield code="b">.B375 2024</subfield>
  </datafield>
  <datafield tag="082" ind1="0" ind2="0">
    <subfield code="a">006.6</subfield>
    <subfield code="b">B292</subfield>
    <subfield code="2">23</subfield>
  </datafield>
  <datafield tag="245" ind1="0" ind2="0">
    <subfield code="a">Basics of computer graphics.</subfield>
  </datafield>
  <datafield tag="264" ind1=" " ind2="1">
    <subfield code="a">New York :</subfield>
    <subfield code="b">3G E-Learning,</subfield>
    <subfield code="c">2024.</subfield>
  </datafield>
  <datafield tag="300" ind1=" " ind2=" ">
    <subfield code="a">156 pages :</subfield>
    <subfield code="b">illustrations ;</subfield>
    <subfield code="c">25 cm.</subfield>
  </datafield>
  <datafield tag="336" ind1=" " ind2=" ">
    <subfield code="2">rdacontent</subfield>
    <subfield code="a">text</subfield>
  </datafield>
  <datafield tag="337" ind1=" " ind2=" ">
    <subfield code="2">rdamedia</subfield>
    <subfield code="a">unmediated</subfield>
  </datafield>
  <datafield tag="338" ind1=" " ind2=" ">
    <subfield code="2">rdacarrier</subfield>
    <subfield code="a">volume</subfield>
  </datafield>
  <datafield tag="504" ind1=" " ind2=" ">
    <subfield code="a">Includes bibliographical references and index.</subfield>
  </datafield>
  <datafield tag="505" ind1="0" ind2=" ">
    <subfield code="a">Introduction to computer graphics -- Graphics input and output devices -- 2D graphics -- 3D graphics -- Color models and color spaces -- Image processing and compression -- Graphics APIs and programming -- Applications of computer graphics.</subfield>
  </datafield>
  <datafield tag="520" ind1=" " ind2=" ">
    <subfield code="a">"Computer graphics is the art and science of creating and manipulating images using computers. It is a powerful tool for visualizing complex concepts and communicating information to humans in a way that is both intuitive and engaging. Computer graphics can be used in a wide range of applications, including teaching, education, entertainment, art, image processing, user interfaces, and more.
The primary purpose of computer graphics is to represent information in a visual form that can be easily understood and interpreted by humans. This is achieved by creating digital images using pixels, which are tiny dots of color that can be combined to create larger images. These images can be manipulated and transformed using a variety of techniques to create a wide range of visual effects and animations. One of the key advantages of computer graphics is their ability to simulate complex physical phenomena, such as the behavior of fluids, the motion of objects, and the interaction of light with surfaces. This makes computer graphics an essential tool for many scientific and engineering applications, as well as for the creation of realistic computer-generated environments in films, games, and other media.
Computer graphics can be divided into two main categories: 2D graphics and 3D graphics. 2D graphics are used for creating flat, two-dimensional images, such as diagrams, charts, and illustrations. 3D graphics, on the other hand, are used for creating three-dimensional objects and environments that can be viewed from different angles and perspectives. Color is an important aspect of computer graphics, and many different color models and color spaces have been developed to represent colors digitally. Image processing is another important area of computer graphics, which involves manipulating and enhancing digital images to improve their quality or extract information from them.
Graphics APIs and programming languages are used to create and manipulate computer graphics. Some of the most popular APIs include OpenGL, DirectX, and Vulkan, which are used for creating high-performance graphics applications for a wide range of platforms, including desktops, mobile devices, and gaming consoles.
This book covers a broad range of topics related to computer graphics organized into eight chapters. It begins with an introduction to the field and then covers topics such as input and output devices, 2D and 3D graphics, color models and color spaces, image processing and compression, graphics APIs, and programming. Finally, the book explores some of the practical applications of computer graphics. Thus computer graphics is a vast and exciting field that is constantly evolving as new technologies and techniques are developed. It is an essential tool for many different applications, from scientific research and engineering to entertainment and art. By studying computer graphics, students can gain a deep understanding of how digital images are created and manipulated, as well as the technical skills required to create their own graphics applications"-- Back cover.</subfield>
  </datafield>
  <datafield tag="650" ind1=" " ind2="0">
    <subfield code="a">Computer graphics.</subfield>
  </datafield>
  <datafield tag="710" ind1="1" ind2=" ">
    <subfield code="a">3G E-Learning.</subfield>
  </datafield>
  <datafield tag="942" ind1=" " ind2=" ">
    <subfield code="2">ddc</subfield>
    <subfield code="n">0</subfield>
    <subfield code="c">BK</subfield>
    <subfield code="h">006.6</subfield>
    <subfield code="i">B292</subfield>
    <subfield code="k">CIR</subfield>
    <subfield code="m">2024</subfield>
    <subfield code="e">23</subfield>
  </datafield>
  <datafield tag="952" ind1=" " ind2=" ">
    <subfield code="0">0</subfield>
    <subfield code="1">0</subfield>
    <subfield code="2">ddc</subfield>
    <subfield code="4">0</subfield>
    <subfield code="7">0</subfield>
    <subfield code="a">CSPC</subfield>
    <subfield code="b">CSPC</subfield>
    <subfield code="c">CIR</subfield>
    <subfield code="d">2026-03-09</subfield>
    <subfield code="l">0</subfield>
    <subfield code="o">CIR 006.6 B292 2024</subfield>
    <subfield code="p">031378</subfield>
    <subfield code="r">2026-03-09 13:21:22</subfield>
    <subfield code="t">1-1</subfield>
    <subfield code="w">2026-03-09</subfield>
    <subfield code="y">BK</subfield>
  </datafield>
  <datafield tag="999" ind1=" " ind2=" ">
    <subfield code="c">31998</subfield>
    <subfield code="d">31998</subfield>
  </datafield>
</record>
